| 000 | 01977cam a22004814i 4500 | ||
|---|---|---|---|
| 003 | PE-LiUPU | ||
| 005 | 20250731172721.0 | ||
| 008 | 150617s1962 sp rb 000 0 spa d | ||
| 035 | _a(Sirsi) a11068 | ||
| 040 |
_aPE-LiUPU _bspa _cPE-LiUPU _erda |
||
| 049 | _aPRUA | ||
| 082 | 0 | 4 |
_a230 _bS29 _221 |
| 100 | 1 |
_aSchmaus, Michael, _eautor. |
|
| 245 | 1 | 0 |
_aTeología dogmatica : _bla Gracia Divina. _n5 / _cMichael Schmaus. |
| 264 | 1 |
_aMadrid : _bRialp, _c1962. |
|
| 300 |
_a279 páginas ; _c22 centímetros. |
||
| 336 |
_atext _2rdacontent |
||
| 337 |
_aunmediated _2rdamedia |
||
| 338 |
_avolume _2rdacarrier |
||
| 490 | 0 |
_aManuales de la biblioteca del pensamiento actual ; _v5 |
|
| 504 | _aIncluye bibliografía. | ||
| 505 | 0 | _aSentido y esencia de la participación del hombre en el reino de Dios instaurado por Cristo -- Nacimiento del estado de cristiano en virtud de la gracia actual: Esencia e importancia de la gracia actual, la acción humana por la gracia actual como preparación para la justificación, causalidad de la gracia (gracia y libertad), voluntad salvífica universal de Dios -- Fecundidad de la comunión con Dios del hombre que está en gracia. | |
| 526 | _aSEG42 | ||
| 526 | _aSEG41 | ||
| 526 | _aSEG40 | ||
| 526 | _aSEG39 | ||
| 526 | _aP94 | ||
| 526 | _aP87 | ||
| 526 | _aP86 | ||
| 526 | _aP85 | ||
| 526 | _aP77 | ||
| 526 | _aP76 | ||
| 526 | _aP35 | ||
| 541 | _Teología; | ||
| 650 | 0 | 4 |
_aGracia divina _xTeología. |
| 910 |
_ajck _bjvq _cjck _d20150616 |
||
| 910 |
_adbm _bjpc _cjpc _d20190429 |
||
| 942 |
_2ddc _cBOOK |
||
| 949 |
_a230 S31t 5 _wDEWEY _c1 _i21623 _lCCODEBUL1 _mBUL _p10.00 _r0 _sY _tBOOK _u19830430 _xTEOLOGIA _PP35 _0COMPRA _o.STAFF. Colección Teología |
||
| 994 |
_aC0 _bPEPRU |
||
| 596 | _a1 | ||
| 999 |
_a230 S31T 5 _wDEWEY _c1179 _i21623 _f2021-11-9 _g3 _lCCODEBUL1 _mBUL _p10.00 _r0 _sY _tBOOK _u2015-6-17 _xTEOLOGIA _PP35 _0COMPRA _o.STAFF. Colección Teología _d1179 |
||
| 980 |
_81 _gALBERTO SANCHEZ Responsable de Automatización |
||